Statistical tables relating to banks in India 1957 (Record no. 507691)

000 -LEADER
fixed length control field 00302nam a2200109 4500
082 ## - DEWEY DECIMAL CLASSIFICATION NUMBER
Classification number T422065x54 1957
100 ## - MAIN ENTRY--PERSONAL NAME
Personal name Bombay. Reserve Bank of India
9 (RLIN) 2252
245 ## - TITLE STATEMENT
Title Statistical tables relating to banks in India 1957
260 ## - PUBLICATION, DISTRIBUTION, ETC. (IMPRINT)
Place of publication, distribution, etc Bombay
Name of publisher, distributor, etc Reserve Bank of India
Date of publication, distribution, etc 1957
300 ## - PHYSICAL DESCRIPTION
Extent v.p.
942 ## - ADDED ENTRY ELEMENTS (KOHA)
Source of classification or shelving scheme
Holdings
Withdrawn status Lost status Source of classification or shelving scheme Damaged status Koha normalized classification for sorting Not for loan Permanent location Current location Date acquired Full call number Barcode Date last seen Price effective from Koha item type
        T_422065X54_1957_000000000000000   Indian Institute of Public Administration Indian Institute of Public Administration 2019-02-21 T422065x54 1957 GG34255 2019-02-21 2019-02-21 GG

Powered by Koha